Monetárnopolitické pravidlá v režime inflačného cielenia
Informácia o modeloch monetárnej politiky a vhodne zvolenej celkovej stratovej funkcie v podobe optimálnych reakčných funkcií, v podobe ohodnotenia výkonu rôznych reakčných funkcií pomocou funkcie celkovej straty a v podobe impulz-reakčných funkcií, ktoré testujú šokovú odolnosť optimálnych a iných...
Na minha lista:
| Autor principal: | |
|---|---|
| Formato: | Capítulo de Livro |
| Idioma: | eslovaco |
| Assuntos: | |
| Tags: |
Sem tags, seja o primeiro a adicionar uma tag!
|
MARC
| LEADER | 00000naa a2200000 4500 | ||
|---|---|---|---|
| 001 | r048225 | ||
| 005 | 20230918082346.3 | ||
| 041 | 0 | |a slo | |
| 044 | |a SK | ||
| 245 | 1 | 0 | |a Monetárnopolitické pravidlá v režime inflačného cielenia |c František Gachulinec |
| 520 | |a Informácia o modeloch monetárnej politiky a vhodne zvolenej celkovej stratovej funkcie v podobe optimálnych reakčných funkcií, v podobe ohodnotenia výkonu rôznych reakčných funkcií pomocou funkcie celkovej straty a v podobe impulz-reakčných funkcií, ktoré testujú šokovú odolnosť optimálnych a iných reakčných funkcií. | ||
| 610 | 2 | 0 | |a monetarizmus |
| 610 | 2 | 0 | |a inflácia |
| 610 | 2 | 0 | |a modely ekonomicko-matematické |
| 610 | 2 | 0 | |a korelácia |
| 610 | 2 | 0 | |a Phillipsova krivka |
| 100 | 1 | |a Gachulinec, František | |